00884 2200289 4500001002100000005001500021035002000036007000300056008004100059020002200100082001000122084001600132100001400148245017100162250001000333260003800343300002800381650001900409700002300428700002900451700002500480700001800505700002000523504002900543990001100572990001100583INLIS00000000000386220190731102413 a0010-0719000280ta190731 g 0 ind  a978-979-002-669-8 a633.6 a633.6 MUR t0 aMURNIYATI1 aTeknik Pengolahan Tepung Kalsium dari Tulang Ikan /cMurniyati, Fera Roswita Dewi, Rosmawaty Peranginangin; editor, Th. Dwi Suryaningrum, Yusro Nuri F, Atiatul Mu'min acet.1 aJakarta :bPenebar Swadaya,c2014 a67 hlm :bilus ;c23 cm 4aTEPUNG KALSIUM0 aFERA, Roswita Dewi0 aROSMAWATY, Peranginangin0 aDWI, Suryaningrum,Th0 aYUSRO, Nuri F0 aATIATUL, Mu'min aBibliografi.: hlm. 62-67 a5585 a a5585 b